What year did it happen? - Statistics

General Stats
  • This quiz has been taken 492 times
  • The average score is 8 of 14
Answer Stats
Event Year % Correct
Start of WW1 1914
99%
Start of WW2 1939
96%
End of WW2 1945
96%
Fall of the Soviet Union 1991
82%
Discovery of America by Columbus 1492
79%
Independence of India 1947
62%
Declaration of Independence of the USA 1776
61%
Storming of the Bastille 1789
58%
Coronation of Charlemagne 800
37%
Founding of the German Empire 1871
35%
Fall of Constantinople 1453
32%
Fall of the Western Roman Empire 476
29%
End of the Reconquista 1492
21%
Beginning of the Hundred Years' War 1337
17%
No matching quizzes found
Score Distribution
Percent of People with Each Score
Percentile by Number Answered
Your Score History
You have not taken this quiz